Top 50 Cities by Population-Sudden Death - Statistics

General Stats
  • This quiz has been taken 626 times
  • The average score is 6 of 36
Answers on the Grid
Answers color-coded by a green-red scale on the quiz's grid according to % correct below.
Tokyo
(New) Delhi
Shanghai
Dhaka
Cairo
São Paulo
Mexico City
Beijing
Mumbai
Osaka
Chongqing
Karachi
Kinshasa
Lagos
Istanbul
Kolkata
Buenos Aires
Manilla
Guangzhou
Lahore
Bangalore
Rio De Janeiro
Moscow
Bogota
Jakarta
Lima
Bangkok
Paris
Hyderabad
Luanda
Seoul
London
Ho Chi Minh City
Tehran
Kuala Lumpur
Baghdad
Riyadh
New York City
Hong Kong
Santiago
Madrid
Khartoum
Toronto
Johannesburg
Singapore
Addis Ababa
Alexandria
Nairobi
Barcelona
Saint Petersburg
Hanoi
Ankara
Sydney
Cape Town
Brasilia
Kabul
Rome
Abuja
Los Angeles
Berlin
 
Answer Stats
Answer % Correct
Mexico City
32%
Tokyo
31%
Beijing
28%
Shanghai
28%
Guangzhou
27%
Rio De Janeiro
26%
London
25%
(New) Delhi
25%
Jakarta
24%
Mumbai
24%
São Paulo
24%
Bangkok
23%
Seoul
23%
Cairo
20%
Karachi
20%
Istanbul
18%
Moscow
18%
Lagos
17%
Dhaka
16%
Kinshasa
16%
Buenos Aires
15%
Manilla
15%
Chongqing
14%
Kolkata
14%
Paris
14%
Osaka
13%
Ho Chi Minh City
12%
Lahore
12%
Bangalore
11%
Hyderabad
9%
Tehran
9%
Baghdad
5%
Kuala Lumpur
5%
Lima
4%
Luanda
3%
Bogota
2%
No matching quizzes found
Score Distribution
Percent of People with Each Score
Percentile by Number Answered
Your Score History
You have not taken this quiz